| 000 | 01195nam a22003137a 4500 | ||
|---|---|---|---|
| 001 | BR8901511 | ||
| 003 | BR-BrBNA | ||
| 005 | 20230928093158.0 | ||
| 007 | ta | ||
| 008 | 230509b bl.||||| |||| 00| 0 por d | ||
| 040 |
_aBR-BrBNA _bpor _cBiblioteca Nacional de Agricultura |
||
| 041 | _a(Por) | ||
| 072 |
_aH20; F62 _b0430 _b3575 _b4120 |
||
| 090 | _ 0430 BR8901511 | ||
| 100 | 1 | _aPizzinatto, M.A. | |
| 110 | 1 |
_aEscola Superior de Agricultura Luiz de Queiroz, Piracicaba, SP (Brasil) _0Tese (Mestre em Agronomia) |
|
| 245 | 1 | _aRelacao entre densidade e qualidade de sementes de algodoeiro (Gossypium hirsutum L. var. latifolium Hutch)e patogenicidade de Fusarium spp. Link ex Fr. | |
| 246 | 1 | _aRelationship between density and quality of cotton (Gossypium hirsutum L. var. latifolium Hutch)seeds and pathogenicity of Fusarium spp. Link ex FR.) | |
| 260 | 3 |
_aPiracicaba, SP (Brasil): _c1988. |
|
| 300 | _a139 p. | ||
| 500 | _a30 tables; Bibliography p. 113-122 (76 ref.); Summaries (Eng, Por) | ||
| 650 | _aALGODAO | ||
| 650 | _aSEMENTE | ||
| 650 | _aDENSIDADE DE SEMEADURA | ||
| 650 | _aFUSARIOSE | ||
| 650 | _aPLANTULA | ||
| 909 |
_a202309 _bLucia _c55 _dLucia Elande |
||
| 942 | _cBK | ||
| 999 |
_c43452 _d43452 |
||